Modern database management (Record no. 33697)

MARC details
000 -LEADER
fixed length control field 00446nam a22001817a 4500
005 - DATE AND TIME OF LATEST TRANSACTION
control field 20240321093437.0
008 - FIXED-LENGTH DATA ELEMENTS--GENERAL INFORMATION
fixed length control field 230926b |||||||| |||| 00| 0 eng d
082 ## - DEWEY DECIMAL CLASSIFICATION NUMBER
Classification number 005.74
Item number MCF-M
100 ## - MAIN ENTRY--AUTHOR
Author Name Mcfadden,Fred R.
245 ## - TITLE STATEMENT
Title Modern database management
250 ## - EDITION STATEMENT
Edition statement 5th ed.
260 ## - PUBLICATION, DISTRIBUTION, ETC.
Place of Publication Singapore
Name of publisher, distributor, etc. Wesely Educational
Date of publication, distribution, etc. 2000
300 ## - PHYSICAL DESCRIPTION
Pages 622
500 ## - GENERAL NOTE
General note Include Index
650 ## - SUBJECT ADDED ENTRY--TOPICAL TERM
Subject / Department Computer
700 ## - ADDED ENTRY--PERSONAL NAME
Personal name Fred R. Mcfadden

No items available.

Powered by Koha